MARC details
| 000 -LEADER |
| fixed length control field |
01215nam a2200253 a 4500 |
| 008 - FIXED-LENGTH DATA ELEMENTS--GENERAL INFORMATION |
| fixed length control field |
120927s1997 ||||||||||||||||| || u |
| 020 ## - INTERNATIONAL STANDARD BOOK NUMBER |
| International Standard Book Number |
9782869780408 |
| 050 ## - LIBRARY OF CONGRESS CALL NUMBER |
| Classification number |
BD 181 End |
| 100 ## - MAIN ENTRY--PERSONAL NAME |
| Personal name |
Hountondji, Pauline J |
| 245 10 - TITLE STATEMENT |
| Title |
Endogenous knowledge: research trails |
| Statement of responsibility, etc. |
edited by Paulin Hountondji |
| 260 ## - PUBLICATION, DISTRIBUTION, ETC. |
| Place of publication, distribution, etc. |
Dakar, Senegal: |
| Name of publisher, distributor, etc. |
CODESRIA |
| Date of publication, distribution, etc. |
1997 |
| 300 ## - PHYSICAL DESCRIPTION |
| Extent |
ix, 376p.: ill. |
| 350 ## - PRICE (NR) (BK AM CF MU VM SE) [OBSOLETE] |
| Price |
0.00 |
| 650 ## - SUBJECT ADDED ENTRY--TOPICAL TERM |
| Topical term or geographic name entry element |
AFRICA, SUB-SAHARAN--SOCIAL LIFE AND CUSTOMS |
| 650 #0 - SUBJECT ADDED ENTRY--TOPICAL TERM |
| Topical term or geographic name entry element |
KNOWLEDGE, THEORY OF |
| 650 ## - SUBJECT ADDED ENTRY--TOPICAL TERM |
| Topical term or geographic name entry element |
TRADITIONAL MEDICINE-- AFRICA, SUB-SAHARAN |
| 650 ## - SUBJECT ADDED ENTRY--TOPICAL TERM |
| Topical term or geographic name entry element |
PHILOSOPHY |
| 650 ## - SUBJECT ADDED ENTRY--TOPICAL TERM |
| Topical term or geographic name entry element |
PHILOSOPHY--ENDOGENOUS KNOWLEDGE |
| 650 ## - SUBJECT ADDED ENTRY--TOPICAL TERM |
| Topical term or geographic name entry element |
ENTHONOPSYCHOLOGY--AFRICA, SUB-SAHARAN |
| 650 ## - SUBJECT ADDED ENTRY--TOPICAL TERM |
| Topical term or geographic name entry element |
ETHNOLOGY--AFRICA, SUB-SAHARAN--RESEARCH |
| 995 ## - RECOMMENDATION 995 [LOCAL, UNIMARC FRANCE] |
| -- |
0.00 |
| -- |
CBU-MAIN LIBRARY (Kitwe) |
| -- |
2 |
| -- |
45.50 |
| -- |
2 |
| -- |
AVAILABLE |
| -- |
Main Library Open Access Collection |
| 995 ## - RECOMMENDATION 995 [LOCAL, UNIMARC FRANCE] |
| -- |
0.00 |
| -- |
CBU-MAIN LIBRARY (Kitwe) |
| -- |
1 |
| -- |
45.50 |
| -- |
1 |
| -- |
AVAILABLE |
| -- |
Main Library Open Access Collection |
| 995 ## - RECOMMENDATION 995 [LOCAL, UNIMARC FRANCE] |
| -- |
CBU-DAG HAMMARSKJOLD INSTITUTE LIBRARY |
| -- |
3 |
| -- |
AVAILABLE |
| -- |
Oct 25, 2012 |
| -- |
DHIPS Book Collection |